<?xml version="1.0" encoding="UTF-8"?>
<marc:record xmlns:marc="http://www.loc.gov/MARC21/slim">
   <marc:leader>00000nam a2200000 a 4500</marc:leader>
   <marc:datafield ind1="1" ind2=" " tag="100">
      <marc:subfield code="a">St. Claire, Roxanne</marc:subfield>
      <marc:subfield code="4">aut</marc:subfield>
      <marc:subfield code="e">Verfasser/-in</marc:subfield>
   </marc:datafield>
   <marc:datafield ind1="1" ind2=" " tag="100">
      <marc:subfield code="a">Dorn-Ruhl, Kristiana</marc:subfield>
      <marc:subfield code="4">trl</marc:subfield>
      <marc:subfield code="e">Übersetzer/-in</marc:subfield>
   </marc:datafield>
   <marc:datafield ind1="0" ind2="0" tag="245">
      <marc:subfield code="a">Bullet Catcher</marc:subfield>
   </marc:datafield>
   <marc:datafield ind1="0" ind2="0" tag="245">
      <marc:subfield code="c">Roxanne St. Claire</marc:subfield>
   </marc:datafield>
   <marc:datafield ind1=" " ind2="1" tag="264">
      <marc:subfield code="a">Köln</marc:subfield>
      <marc:subfield code="b">LYX Egmont</marc:subfield>
      <marc:subfield code="c">2011</marc:subfield>
   </marc:datafield>
   <marc:datafield ind1=" " ind2=" " tag="250">
      <marc:subfield code="a">1. Aufl.</marc:subfield>
   </marc:datafield>
   <marc:datafield ind1="1" ind2=" " tag="520">
      <marc:subfield code="a">Angaben aus der Verlagsmeldung

Bullet Catcher 02: Max The Bullet Catchers (02): Thrill me to Death / von Roxanne Saint Claire

Max Roper ist ein Mitglied der Bullet Catcher – ein Eliteteam von Bodyguards. Sein neuster Auftrag lautet, die Witwe eines vor Kurzem ermordeten Milliardärs zu beschützen: Cori Peyton. Kein leichter Job, denn fünf Jahre zuvor waren Cori und Max ein Paar und standen sogar kurz vor der Verlobung. Damals hatte sich Cori von Max getrennt, weil sie ihm die Schuld am Tod ihres Vaters gab. Nun lodern die alten Gefühle zwischen beiden wieder hoch. Doch Cori schwebt in höchster Gefahr. Der Mörder, der ihren Ehemann tötete, hat es auch auf ihr Leben abgesehen.
</marc:subfield>
   </marc:datafield>
   <marc:datafield ind1=" " ind2=" " tag="020">
      <marc:subfield code="a">9783802583490</marc:subfield>
      <marc:subfield code="9">9783802583490</marc:subfield>
   </marc:datafield>
   <marc:datafield ind1=" " ind2=" " tag="041">
      <marc:subfield code="a">ger</marc:subfield>
   </marc:datafield>
   <marc:datafield ind1=" " ind2=" " tag="300">
      <marc:subfield code="a">363 S.</marc:subfield>
   </marc:datafield>
</marc:record>
